Most famous countries in Africa - Statistics

General Stats
  • This quiz has been taken 67 times
  • The average score is 12 of 15
Answer Stats
Hint Answer % Correct
3 Nigeria
100%
1 Egypt
98%
2 South africa
98%
7 Democratic republic of the congo
87%
6 Madagascar
87%
10 Morocco
87%
8 Algeria
85%
4 Ethiopia
84%
5 Kenya
84%
11 Libya
81%
14 Republic of the congo
81%
9 Tanzania
77%
13 Uganda
69%
15 Angola
66%
12 Sierra leone
29%
No matching quizzes found
Score Distribution
Percent of People with Each Score
Percentile by Number Answered
Your Score History
You have not taken this quiz